| 000 | 00545nam a22001937a 4500 | ||
|---|---|---|---|
| 008 | 150602b xxu||||| |||| 00| 0 eng d | ||
| 020 | _a9780071703284 | ||
| 020 | _a0071703284 | ||
| 041 | 0 | _aeng | |
| 080 | _a004.1 | ||
| 100 | 1 | _aBrannan, James | |
| 245 | 1 | 0 |
_aObjective-C for iPhone developers _cJames A. Brannan ; technical editor, Billy Myers. |
| 260 |
_aNew York : _bMcGraw-Hill, _cc2010 |
||
| 300 |
_a365 f. _bme il.; _c24 cm. |
||
| 490 | _6iphone | ||
| 650 | 0 | _2Iphone | |
| 700 | 1 | _aJames Brannan | |
| 942 |
_2udc _cBK |
||
| 999 |
_c977 _d977 |
||